• 首页
  • 本馆介绍
  • 公告通知
  • 最新文献
  • 馆藏检索
  • 电子资源
  • 读者导购
  • 参考咨询
  • 我的图书馆
  • 登录
  • 详细信息显示
  • 放入我的书架
  • 预约/预借图书
  • 作者相关作品
  • 分类相关作品
  • 丛书相关作品
  • 出版社相关作品

书目信息

  • 表格格式
  • 工作单格式
  • 卡片格式
题名:
红军长正在湖南纪略
    
 
作者: ;湖南省红军长征调查办公室 编
分册:  
出版信息: 长沙   湖南人民出版社  1979.05
页数: 76页
开本: 19cm
丛书名:
单 册:
中图分类: K264.4
科图分类:
主题词: 中国--历史
电子资源:
ISBN:
000 00654nam0 2200205 45
001 0306111511
005 20031219104110.8
010    @dCNY0.27
091    @a11109.100
100    @a20030611d1979 km y0chiy0120 ea
101 0  @achi
105    @acbh z 000yy
200 1  @a红军长正在湖南纪略@AHong Jun Chang Zheng Zai Hu Nan Ji Lue@f湖南省红军长征调查办公室编@FHu Nan Sheng Hong Jun Chang Zheng Diao Cha Ban Gong Shi Bian
210    @a长沙@c湖南人民出版社@d1979.05
215    @a76页@c肖像,摹真,地图@d19cm
606 0  @a中国@x历史
690    @aK264.4@v3
711 02 @a湖南省红军长征调查办公室@4编
801    @aCN@bTSTC@c20030613
905    @f1@b18836@dK264.4@e3
    
    红军长正在湖南纪略/湖南省红军长征调查办公室编.-长沙:湖南人民出版社,1979.05
    76页:肖像,摹真,地图;19cm
    
    
    ISBN :CNY0.27
    
●
相关链接 在E读中查询图书 在五车中查询图书 在当当中查询图书 在豆瓣中查询图书


正题名:红军长正在湖南纪略     索取号:K264.4/3         预约/预借

序号 登录号 条形码 馆藏地/架位号 状态 备注
1 0018836   001809234   第二样本阅览室/ [索取号:K264.4/3] 在馆    
唐山师范学院图书馆 欢迎您!
大连网信软件有限公司© 版权所有